Credit rationing, uneployment and economic policies dissequilibrium models of industrialized economies with underdeveloped financial markets
Gespeichert in:
| 1. Verfasser: | |
|---|---|
| Format: | Buch |
| Sprache: | Englisch |
| Veröffentlicht: |
Helsinky
School of Economics
1982
|
| Schriftenreihe: | Acta Academiae Oeconomicae Helsingiensis
series A:38 |
| Tags: |
Keine Tags, Fügen Sie das erste Tag hinzu!
|
MARC
| LEADER | 00000nam a2200000 4500 | ||
|---|---|---|---|
| 001 | c126859 | ||
| 005 | 20140515142408.4 | ||
| 041 | 0 | |a eng | |
| 044 | |a FI | ||
| 245 | 1 | 0 | |a Credit rationing, uneployment and economic policies |b dissequilibrium models of industrialized economies with underdeveloped financial markets |c Juha Kähkönen |
| 264 | 1 | |a Helsinky |b School of Economics |c 1982 | |
| 300 | |a 286 s. | ||
| 490 | 1 | |a Acta Academiae Oeconomicae Helsingiensis |v series A:38 | |
| 830 | 0 | |a Acta Academiae Oeconomicae Helsingiensis |v series A:38 | |
| 100 | 1 | |a Kähkönen, Juha | |